[Event "Wch Seniors 22nd"]
[Site "Kamena Vourla"]
[Date "2012.11.24"]
[Round "11"]
[White "Strohbusch, Frank"]
[Black "Altykenov, Toleugali"]
[Result "1-0"]
[WhiteElo "1864"]
[BlackElo "1589"]
[PlyCount "95"]
[EventDate "2012.11.13"]
[EventType "swiss"]
[EventRounds "11"]
[EventCountry "GRE"]
[SourceTitle "CBM 151 Extra"]
[Source "ChessBase"]
[SourceDate "2012.12.18"]
[SourceVersion "1"]
[SourceVersionDate "2012.12.18"]
[SourceQuality "1"]

1. e4 Nc6 2. Nf3 e6 3. d4 Nf6 4. e5 Nd5 5. c4 Nb6 6. Nc3 Bb4 7. Qb3 0-0 8. a3 Be7 9. Ne4 d6 10. Bf4 dxe5 11. dxe5 Nd7 12. Rd1 Qe8 13. Be2 b6 14. 0-0 Bb7 15. Qc2 g6 16. Bh6 Ndxe5 17. Nxe5 Nxe5 18. Qc3 f6 19. Bxf8 Qxf8 20. Ng3 Qe8 21. b4 a5 22. b5 Bc5 23. Kh1 Qf8 24. f4 Nf7 25. Qxf6 Re8 26. a4 Be7 27. Qb2 Bh4 28. Bf3 Bxf3 29. Rxf3 Nh6 30. Ne4 Be7 31. Qe5 Bd6 32. Nxd6 cxd6 33. Rxd6 Ng4 34. Qd4 Nh6 35. Qxb6 Qf6 36. Rd1 Qb2 37. h3 Nf5 38. Qc6 Re7 39. Rd7 Kf7 40. Rxe7+ Nxe7 41. Qe4 Qa1+ 42. Kh2 Qxa4 43. Re3 Qb4 44. Qxe6+ Ke8 45. b6 a4 46. Qxe7+ Qxe7 47. Rxe7+ Kxe7 48. b7 1-0

[Event "Wch Seniors 22nd"]
[Site "Kamena Vourla"]
[Date "2012.11.17"]
[Round "5"]
[White "Lachat, Martin"]
[Black "Altykenov, Toleugali"]
[Result "1-0"]
[WhiteElo "1675"]
[BlackElo "1589"]
[PlyCount "131"]
[EventDate "2012.11.13"]
[EventType "swiss"]
[EventRounds "11"]
[EventCountry "GRE"]
[SourceTitle "CBM 151 Extra"]
[Source "ChessBase"]
[SourceDate "2012.12.18"]
[SourceVersion "1"]
[SourceVersionDate "2012.12.18"]
[SourceQuality "1"]

1. c4 b6 2. Nc3 Bb7 3. d4 e6 4. e3 Qe7 5. Nf3 Nc6 6. g3 g5 7. Bg2 g4 8. Nd2 h5 9. a3 0-0-0 10. b4 f5 11. f3 h4 12. fxg4 hxg3 13. hxg3 Rxh1+ 14. Bxh1 Qg5 15. Nf1 fxg4 16. Ne4 Qh5 17. Nf2 Kb8 18. Qxg4 Qh8 19. Bb2 Nf6 20. Qe2 d5 21. c5 Qh7 22. Bf3 Be7 23. Bc3 Rf8 24. b5 Nd8 25. c6 Ba8 26. a4 Bd6 27. a5 Qe7 28. axb6 cxb6 29. g4 Nh7 30. Ra4 Ng5 31. Bg2 Rf7 32. Nd3 Qc7 33. Bb4 Bg3+ 34. Nxg3 Qxg3+ 35. Kd2 Ne4+ 36. Bxe4 dxe4 37. Nf4 Rh7 38. Bd6+ Kc8 39. Qc4 Rh2+ 40. Ne2 Rxe2+ 41. Kxe2 Qxd6 42. Rxa7 Bxc6 43. bxc6 Nxc6 44. Qa6+ Kd8 45. Qxb6+ Ke8 46. Ra8+ Kf7 47. Qb7+ Kf6 48. Qh7 Qe7 49. Qxe4 Nd8 50. Qe5+ Kf7 51. Rc8 Ke8 52. e4 Qf8 53. Qxe6+ Qe7 54. Qxe7+ Kxe7 55. Rxd8 Kxd8 56. Ke3 Ke7 57. Kf4 Kf6 58. d5 Ke7 59. e5 Kf7 60. Kf5 Ke7 61. g5 Kf7 62. d6 Ke8 63. e6 Kf8 64. Kf6 Ke8 65. g6 Kf8 66. d7 1-0

[Event "Wch Seniors 22nd"]
[Site "Kamena Vourla"]
[Date "2012.11.16"]
[Round "4"]
[White "Altykenov, Toleugali"]
[Black "Scholtyssek, Werner"]
[Result "0-1"]
[WhiteElo "1589"]
[BlackElo "1835"]
[PlyCount "70"]
[EventDate "2012.11.13"]
[EventType "swiss"]
[EventRounds "11"]
[EventCountry "GRE"]
[SourceTitle "CBM 151 Extra"]
[Source "ChessBase"]
[SourceDate "2012.12.18"]
[SourceVersion "1"]
[SourceVersionDate "2012.12.18"]
[SourceQuality "1"]

1. b3 e5 2. Bb2 Nc6 3. e3 d5 4. g4 Bd6 5. h4 Be6 6. Bg2 Qd7 7. Bh3 0-0-0 8. Qe2 Nge7 9. Nc3 Kb8 10. 0-0-0 a6 11. Kb1 Rhf8 12. d4 exd4 13. exd4 Ng6 14. g5 Bxh3 15. Nxh3 Rde8 16. Qf1 Qf5 17. h5 Nf4 18. Nxf4 Bxf4 19. Na4 Nb4 20. Rc1 Bxc1 21. Qxc1 Re2 22. Qd1 Rxc2 23. Ka1 Rxf2 24. a3 Nd3 25. Bc3 Re8 26. Nc5 Nxc5 27. dxc5 Ree2 28. Qb1 Qxg5 29. b4 Qg2 30. Qd1 Ra2+ 31. Kb1 Qe4+ 32. Kc1 Rac2+ 33. Kb1 Rcd2+ 34. Ka1 Rxd1+ 35. Rxd1 Qc2 0-1

[Event "Wch Seniors 22nd"]
[Site "Kamena Vourla"]
[Date "2012.11.13"]
[Round "1"]
[White "Batakovs, Olegs N"]
[Black "Altykenov, Toleugali"]
[Result "1-0"]
[WhiteElo "2109"]
[BlackElo "1589"]
[PlyCount "125"]
[EventDate "2012.11.13"]
[EventType "swiss"]
[EventRounds "11"]
[EventCountry "GRE"]
[SourceTitle "CBM 151 Extra"]
[Source "ChessBase"]
[SourceDate "2012.12.18"]
[SourceVersion "1"]
[SourceVersionDate "2012.12.18"]
[SourceQuality "1"]

1. e4 b6 2. d4 Bb7 3. Nc3 e6 4. Bd3 d6 5. Nf3 h6 6. 0-0 g5 7. h3 Qe7 8. a4 a5 9. Qe2 Bg7 10. Be3 Nf6 11. Nh2 Na6 12. f4 gxf4 13. Rxf4 Nb4 14. Raf1 Rf8 15. Bb5+ c6 16. Bd3 0-0-0 17. Qf3 Nd7 18. Rxf7 Rxf7 19. Qxf7 Qxf7 20. Rxf7 Bf8 21. Kf2 Nxd3+ 22. cxd3 e5 23. Nf3 exd4 24. Bxd4 c5 25. Be3 Ne5 26. Nxe5 dxe5 27. Nb5 Kb8 28. Rf6 h5 29. Ke2 h4 30. Rxb6 Be7 31. Re6 Rd7 32. Rxe5 Bf6 33. Rxc5 Ka8 34. Nc7+ Kb8 35. Bf4 Bd8 36. Ne6+ Ka7 37. Nxd8 Rxd8 38. Rxa5+ Ba6 39. Be3+ Kb7 40. Rd5 Re8 41. Rd6 Ra8 42. b4 Kc7 43. Bf4 Bc8 44. a5 Bd7 45. Ra6+ Kb7 46. Rxa8 Kxa8 47. Bg5 Kb7 48. Bxh4 Kc6 49. Ke3 Kb5 50. Be7 Be6 51. Kd4 Bb3 52. g4 Bf7 53. Ke5 Bb3 54. h4 Bc2 55. d4 Bd1 56. Kf4 Bb3 57. d5 Ka6 58. h5 Ba4 59. g5 Be8 60. g6 Kb7 61. Kg5 Kc8 62. h6 Kd7 63. Bc5 1-0